LEADER 00975nam--2200337---450- 001 990002353700203316 005 20091105112949.0 035 $a000235370 035 $aUSA01000235370 035 $a(ALEPH)000235370USA01 035 $a000235370 100 $a20050112d1970----km-y0itay0103----ba 101 0 $aeng 102 $aNL 105 $a||||||||001yy 200 1 $a<> interest approach to choice to law$fby A. Shapira 210 $aThe Hague$cM. Nijhoff$d1970 215 $aXIII, 273 p.$d23 cm 410 0$12001 454 1$12001 461 1$1001-------$12001 700 1$aSHAPIRA,$bAmos$0261757 801 0$aIT$bsalbc$gISBD 912 $a990002353700203316 951 $aXXIII.3.F. 68 (IG VIII 22 508)$b4668 G.$cXXIII.3.F. 68 (IG VIII)$d00246305 959 $aBK 969 $aGIU 979 $aSIAV5$b10$c20050112$lUSA01$h1648 979 $aRSIAV3$b90$c20091105$lUSA01$h1129 996 $aInterest approach to choice to law$91062758 997 $aUNISA LEADER 01240nas a2200301 i 4500 001 991002996659707536 005 20240129152452.0 008 071105c19869999gw mr p 0 a ger d 022 0 $a0179-1990 035 $ab13613728-39ule_inst 040 $aDip.to Studi Giuridici$bita 082 0 $a681.3 245 00$aComputer und Recht :$bForum für die Praxis des Rechts der Datenverarbeitung, Kommunikation und Automation 246 03$aCR 246 03$aCuR. Computer und Recht 260 $aKöln :$bO. Schmidt,$c1986- 500 $aVaria il complemento del titolo 500 $aCod. CNR: PT01086174 592 $aLE027 2007-2009; 907 $a.b13613728$b02-04-14$c05-11-07 912 $a991002996659707536 945 $aLE027$c2007$g1$iLE027-23097$lle027$on$pE406.40$q-$rn$so$t18$u0$v0$w0$x0$y.i14594821$z05-11-07 945 $aLE027$g1$lle027$op$pE0.00$q-$rn$so$t18$u0$v0$w0$x0$y.i14594833$z05-11-07 945 $aLE027$c2008$g1$iLE027-24536$lle027$on$pE368.00$q-$rn$so$t18$u0$v0$w0$x0$y.i1469928x$z19-03-08 945 $aLE027$c2009$g1$iLE027-27250$lle027$on$pE389.34$q-$rn$so$t18$u0$v0$w0$x0$y.i14956858$z21-04-09 996 $aComputer und Recht$91216572 997 $aUNISALENTO 998 $ale027$b05-11-07$cs$da$e-$fger$ggw$h0$i0